00228nam a2200061 4500008004100000040005500041245007000096240730b |||||||| |||| 00| 0 eng d aNational Science LibrarycNational Science Library aVeroffentlichungen der wissenschaftler: bBibliographie 1963-1972